000 01122nam a2200253Ia 4500
001 17725
003 GE_BSU
008 181216s||||||||xx |||||||||||||| ||und||
020 _a9789941432279
040 _cGE_BSU
080 _a656.08(075.8)
100 _aკილასონია,ე., თავბერიძე,ს.
245 _aსატვირთო გადაზიდვების ტექნოლოგია
245 _cრედ.დ. კბილაშვილი
260 _aქუთაისი
260 _bაკაკი წერეთლის სახ. უნ-ტი
260 _c2015
300 _a176გვ., 20სმ.
300 _eბიბლ.გვ.173
653 _aგადაზიდვის ტექნოლოგია
653 _aსატვირთო გადაზიდვების ტექნოლოგია
653 _aსატვირთო საავტომობილო და სატრაქტორო მოძრავი შემადგენლობის კლასიფიკაცია
942 _cBK
999 _c50773
_d50773